[Event "58. BEM 2004"]
[Site "Dortmund"]
[Date "2004.03.09"]
[Round "5.14"]
[White "Gielisch, Eckhart"]
[Black "Benke, Werner"]
[Result "1-0"]
[WhiteElo "1851"]
[BlackElo "1609"]
[Annotator "Fritz 7 (15s)"]
[PlyCount "79"]
[EventDate "2004.??.??"]
[Source "SG Dortmund"]
[SourceDate "2004.12.16"]

{
D55: Queen's Gambit Declined: 4 Bg5 Be7: Lines without ...h6 and 6...h6 7 Bxf6

} 1. d4 d5 2. c4 e6 3. Nc3 Nf6 4. Bg5 Be7 5. e3 O-O 6. Nf3 b6 7. cxd5 exd5 8.
Rc1 Nbd7 9. Bd3 c5 10. O-O Bb7 11. Re1 Ne4 12. Bxe7 Qxe7 13. Nd2 (13. Bb5 Rac8
14. Bxd7 Nxc3 15. Rxc3 Qxd7 16. Qc2 Qe7 17. Qa4 a6 18. dxc5 Rxc5 19. Qa3 Qc7
20. Rec1 Rc8 21. Nd4 Rxc3 22. Rxc3 Qd7 23. Qb3 Rxc3 24. Qxc3 h6 25. h3 g6 26.
b4 Qd6 27. a4 Qd7 {Henrichsen,J-Rygaard,M/Copenhagen 1997/EXT 2000/1/2-1/2 (53)
}) (13. Qe2 Rad8 14. h3 Kh8 15. Ba6 Ba8 16. Bb5 Nb8 17. Red1 Nxc3 18. Rxc3 c4
19. a3 Rd6 20. Ne5 f6 21. Nf3 Bc6 22. Bxc6 Nxc6 23. Re1 Re8 24. Qc2 b5 25. b3
Re6 26. bxc4 bxc4 27. Qf5 Qd6 {
Koepf,R-Martin Fernandez,R/Bayern 2001/EXT 2002/1-0 (58)}) 13... Ndf6 14. f3
Nxd2 $146 (14... Nxc3 15. Rxc3 c4 16. Bb1 b5 17. e4 Rfe8 18. Rce3 Qc7 19. e5
Nh5 20. g3 g6 21. f4 Qb6 22. Nf3 Bc8 23. Ng5 Ng7 24. g4 h6 25. Nh3 Ne6 26. f5
Nxd4 27. fxg6 fxg6 28. Bxg6 Rf8 29. Nf2 Qxg6 30. Qxd4 Be6 31. Nh3 Kh7 32. Rg3
Bg8 33. g5 Qb6 34. g6+ Kg7 35. Qxb6 axb6 36. a3 Rae8 37. Nf2 Be6 38. h4 Rf4 39.
h5 Rh4 40. Nd1 Rxh5 41. Nc3 Bg8 42. e6 d4 43. Ne4 Rxe6 {
0-1 Smistik,M-Pospisil,D/CZE 1996/EXT 2000 (43)}) 15. Qxd2 Rac8 16. dxc5 Rxc5
17. b4 Rcc8 18. a3 Rfd8 19. Ne2 h6 20. Nd4 {
Dort fuehlt sich der weisse Springer wohl} 20... Rxc1 21. Rxc1 Rc8 22. Kf2 g6 {
Verhindert das Eindringen auf f5} 23. Rxc8+ Bxc8 24. Qc3 Bb7 25. g3 a6 {
Ueberdeckt b5} 26. h4 h5 27. Nc6 Qd6 28. Nd4 Nd7 29. a4 Ne5 30. Be2 Nc6 $2 (
30... Qe7 $142 $14 {und Schwarz spielt mit}) 31. Bxa6 $18 Nxd4 32. Bxb7 Nf5 {
Schwarz bereitet d4 vor} 33. f4 d4 34. exd4 Nxd4 35. a5 Nb5 36. Qe1 Qd4+ 37.
Kg2 Nc3 $2 (37... bxa5 38. bxa5 Qb2+ 39. Qf2 Qxf2+ 40. Kxf2 Kf8 $18) 38. a6
Qxb4 (38... Qc4 $18 {ist noch eine duenne Chance}) 39. a7 Qd4 40. a8=Q+ (40.
a8=Q+ Kh7 41. Qe7 Qd2+ 42. Kh3 Qa2 43. Qxa2 Nxa2 44. Qxf7+ Kh6 45. Be4 Nc3 46.
Qxg6#) 1-0

[Event "58. BEM 2004"]
[Site "Dortmund"]
[Date "2004.03.09"]
[Round "5.15"]
[White "Scholtyßek, Norbert"]
[Black "Barskij, Aleksandr"]
[Result "1/2-1/2"]
[WhiteElo "1608"]
[BlackElo "1828"]
[Annotator "Fritz 7 (15s)"]
[PlyCount "81"]
[EventDate "2004.??.??"]
[Source "SG Dortmund"]
[SourceDate "2004.12.16"]

{A01: Nimzowitsch-Larsen Opening
} 1. b3 e5 2. Bb2 d6 3. c4 Nf6 4. g3 g6 5. Bg2
Bg7 6. Nc3 O-O 7. e3 (7. d3 c6 8. Nf3 Nbd7 9. O-O Re8 10. b4 d5 11. b5 d4 12.
Na4 cxb5 13. cxb5 a6 14. bxa6 Rxa6 15. Bc1 b5 16. Nb2 Nd5 {
0-1 Abdulla,A-Murshed,N/Dhaka 2001/CBM 82 (16)}) 7... c6 8. Nge2 $146 (8. Nf3
Re8 9. O-O d5 10. d3 Bg4 11. h3 Bxf3 12. Qxf3 dxc4 13. dxc4 Nbd7 14. Rfd1 Qe7
15. Qe2 Rad8 16. Rd2 Nf8 17. Rad1 Rxd2 18. Qxd2 Ne6 19. Qc2 Rd8 20. Rxd8+ Qxd8
21. b4 Ne8 22. b5 cxb5 {Bezold,M-Zueger,B/Steckborn 1997/EXT 98/1-0 (84)}) (8.
d4 exd4 9. exd4 Bf5 10. Nge2 Na6 11. a3 Nc7 12. O-O d5 13. h3 h5 14. a4 Qd7 15.
Kh2 Rad8 16. c5 Rfe8 17. b4 Ne6 18. Bc1 Ne4 19. Ra3 Qe7 20. Be3 a5 21. bxa5
N4xc5 22. dxc5 d4 {Berezin,O-Lerner,K/Donetsk 1998/CBM 68/0-1 (36)}) 8... Be6
9. O-O Qd7 10. d3 {Punkt e4} 10... Nh5 11. f3 {Nimmt Einfluss auf g4} 11... f5
12. f4 h6 13. Qd2 g5 (13... Na6 14. Rae1 $11) 14. Bf3 (14. fxg5 $5 hxg5 15. d4
$16) 14... g4 {Schwarz will den Gegner einengen} 15. Bg2 Na6 16. Rab1 Rae8 17.
Ba3 exf4 18. exf4 Nf6 19. Rbe1 Bf7 20. Nc1 Nc7 21. Rf2 Rxe1+ 22. Qxe1 Re8 23.
Re2 Ne6 24. Kf1 Nd4 25. Rxe8+ Nxe8 ({Dagegen} 25... Qxe8 26. Bxd6 Nf3 27. Bxf3
$14) 26. Bb2 Nc7 {Der Springer plant Se8-c7-e6-d4} 27. N1e2 Nce6 28. Nxd4 Nxd4
{Der Springer ist gut postiert} 29. Nd1 Qe6 30. Qxe6 Bxe6 31. Bc3 Kf8 32. Kf2
Kf7 33. h3 h5 34. h4 Bf6 35. Ke3 Nc2+ 36. Kd2 Nd4 37. Ke3 Nc2+ 38. Kd2 Bxc3+
39. Nxc3 Nd4 40. Ke3 Nc2+ 41. Kd2 1/2-1/2

[Event "58. BEM 2004"]
[Site "Dortmund"]
[Date "2004.03.09"]
[Round "5.17"]
[White "Volmer, Martin"]
[Black "Gerke, Dieter"]
[Result "1/2-1/2"]
[WhiteElo "1779"]
[BlackElo "1484"]
[Annotator "Fritz 7 (15s)"]
[PlyCount "58"]
[EventDate "2004.??.??"]
[Source "SG Dortmund"]
[SourceDate "2004.12.16"]

{D36: Queen's Gambit Declined: Exchange Variation: Main line (5 Bg5 c6 6 Qc2)

} 1. d4 Nf6 2. c4 e6 3. Nf3 d5 4. Nc3 c6 5. cxd5 exd5 6. Bg5 Be7 7. Qc2 Nbd7 8.
e3 O-O 9. Bd3 h6 10. Bh4 Re8 11. O-O Bd6 12. Rab1 a5 (12... Qe7 13. e4 dxe4 14.
Nxe4 Bb4 15. Ng3 Qf8 16. a3 Bd6 17. Nf5 Bf4 18. Rbe1 Rd8 19. Ne7+ Kh8 20. Ne5
Nxe5 21. dxe5 Nd5 22. Nxc8 Rdxc8 23. g3 g5 24. Bf5 gxh4 25. gxf4 Nxf4 26. Qe4
Ne6 27. Qxh4 {Hedman,E-Tzoumbas,A/Hania 1994/EXT 97/1-0 (43)}) (12... Qc7 13.
b4 b6 14. Rfc1 a6 15. Ne2 Bb7 16. Bg3 Rac8 17. Bxd6 Qxd6 18. Nc3 Qe7 19. a4 b5
20. a5 g6 21. Nd2 Kg7 22. Re1 Qd6 23. f3 Re6 24. Qb2 Rce8 25. Nf1 {
1/2-1/2 Tuitebaeva,D-Estrada,D/Bagac 2000/EXT 2002 (25)}) 13. Rfe1 $146 (13. a3
Nf8 14. b4 axb4 15. axb4 Bg4 16. Nd2 g5 17. Bg3 Bxg3 18. hxg3 Bh5 19. b5 Bg6
20. Bxg6 Nxg6 21. bxc6 bxc6 22. Na4 Ne7 23. Nc5 Qa5 24. Nf3 Qa2 25. Rb2 Qa3 26.
Rfb1 Ng4 27. Nd3 f6 28. Nh2 h5 29. Nb4 Nxe3 30. fxe3 Qxe3+ 31. Qf2 Nf5 32. Nc2
Qd3 33. Rb3 Qe2 34. Qxf5 Ra2 35. Qg6+ Kh8 36. Qxf6+ Kg8 37. Rb7 {
1-0 Steinbrecht,R-Mittelsteiner,H/Cologne 1995/EXT 2002 (37)}) 13... g5 14. Bg3
Bxg3 15. hxg3 Ng4 16. e4 dxe4 17. Nxe4 Ndf6 18. Nxf6+ Nxf6 19. Rxe8+ Qxe8 20.
Re1 Qd8 21. Bc4 Nd5 22. Qe4 Be6 23. Bd3 Nf6 24. Qe2 (24. Qe5 $5 $11 {
ist zu ueberlegen}) 24... Bxa2 $17 25. Bf5 Qd5 26. Qd3 Bc4 27. Qc2 Bb3 28. Qd3
Bc4 (28... Qc4 $5 $17) 29. Qc2 $11 Bb3 (29... Qb5 $5 $17) 1/2-1/2

[Event "58. BEM 2004"]
[Site "Dortmund"]
[Date "2004.03.09"]
[Round "5.18"]
[White "Skoecz, Horst"]
[Black "Krüger, Georg"]
[Result "0-1"]
[WhiteElo "1338"]
[BlackElo "1753"]
[Annotator "Fritz 7 (15s)"]
[PlyCount "82"]
[EventDate "2004.??.??"]
[Source "SG Dortmund"]
[SourceDate "2004.12.16"]

{B12: Caro-Kann: Advance Variation
} 1. e4 c6 2. d4 d5 3. e5 Bf5 4. Nf3 e6 5.
c3 c5 6. Qb3 (6. Bb5+ Nc6 7. O-O Qb6 8. Ba4 Bg4 9. dxc5 Bxc5 10. b4 Be7 11. Be3
Qd8 12. Nbd2 Nh6 13. Bxc6+ bxc6 14. Qa4 Qd7 15. Bxh6 gxh6 16. b5 Rg8 17. bxc6
Qc7 18. Rfb1 Rc8 19. Nd4 Bh3 20. g3 Qxe5 21. Qxa7 Kf8 22. Qb7 Rc7 23. Qb6 Rc8
24. Qb7 Rc7 25. Qb6 Rc8 {1/2-1/2 Ambroz,J-Tseitlin,M/Prague 1983/MCD (25)}) (6.
Bd3 Bxd3 7. Qxd3 Nc6 8. O-O cxd4 9. cxd4 Nge7 10. Nc3 a6 11. a3 Ng6 12. b4 Be7
13. Be3 O-O 14. Nd2 f6 15. f4 fxe5 16. fxe5 Rxf1+ 17. Rxf1 Rc8 18. Nb3 b6 19.
Na4 Nb8 20. g3 Nf8 {Delmarko,D-Seifried,J/Schwarzach 2000/EXT 2001/1-0 (68)})
6... Qc7 $146 (6... Qb6 7. Qa4+ Nc6 8. Nh4 Bxb1 9. Rxb1 cxd4 10. Bb5 Bc5 11.
O-O dxc3 12. bxc3 Nge7 13. Qg4 Kf8 14. Qh5 Qc7 15. Bf4 Kg8 16. Nf3 Ng6 17. Bg3
Bb6 18. Bd3 Na5 19. Ng5 Qxc3 20. Qf3 Qc7 21. Rfc1 {
Catracchia,M-Haas,F/Cattolica 1993/TD/0-1 (62)}) 7. Bb5+ Nc6 8. Bxc6+ bxc6 9.
dxc5 Bxc5 10. O-O Ne7 11. Be3 Bxe3 12. fxe3 O-O 13. Rf2 Rab8 14. Qa3 Ng6 15.
Qd6 Qxd6 16. exd6 Bxb1 17. Rxb1 Rfd8 18. h4 Rxd6 19. h5 Nf8 20. Rd1 f6 21. c4
e5 22. c5 (22. b3 $5 $17) 22... Rd7 $19 23. a3 a5 24. Nh4 Ne6 25. Rf3 (25. Nf5
$19) 25... Rxb2 26. h6 Ng5 27. Rg3 g6 28. Rf1 (28. Rg4 {aendert nichts mehr}
28... Ne6 $19) 28... Ne4 29. Rg4 Rdb7 (29... Kf7 $142 {
und Schwarz ist direkt am Ziel} 30. a4 $19) 30. Nf5 Rd7 (30... Nd2 {
und Schwarz haette es noch leichter} 31. Rf2 Rb1+ 32. Kh2 Nf1+ 33. Kh3 $19) 31.
Ng3 $4 {danach wendet sich das Blatt} (31. Nh4 Kf7 32. Nf3 $19) 31... Nxg3 $19
32. Rxg3 Kf7 33. Rd1 (33. Rgf3 f5 34. g4 e4 $19) 33... Rdb7 34. Kh2 (34. e4 {
waere gleichermassen fruchtlos} 34... d4 $19) 34... Rf2 (34... f5 {
damit wuerde Schwarz es sich noch erleichtern} 35. Rf1 $19) 35. Rd3 (35. e4 {
hilft allerdings auch nicht} 35... d4 $19) 35... f5 36. Rc3 Kf6 37. Rf3 Rxf3
38. gxf3 g5 39. Kg3 Kg6 40. f4 exf4+ 41. exf4 a4 (41... a4 42. Rc2 Rb3+ 43. Kf2
g4 $19) 0-1

[Event "58. BEM 2004"]
[Site "Dortmund"]
[Date "2004.03.09"]
[Round "5.19"]
[White "Raskin, Vitali"]
[Black "Milonas, Georgios"]
[Result "1-0"]
[WhiteElo "1668"]
[BlackElo "1346"]
[Annotator "Fritz 7 (15s)"]
[PlyCount "73"]
[EventDate "2004.??.??"]
[Source "SG Dortmund"]
[SourceDate "2004.12.16"]

{E38: Nimzo-Indian: Classical: 4...c5
} 1. d4 Nf6 2. c4 e6 3. Nc3 Bb4 4. Qc2 c5
5. e3 cxd4 6. exd4 O-O (6... h6 7. Nf3 O-O 8. Bd3 b6 9. a3 Be7 10. O-O Bb7 11.
Qe2 Qc7 12. h3 d5 13. Re1 Nbd7 14. cxd5 Nxd5 15. Nb5 Qc6 16. Bd2 N7f6 17. Rac1
Qd7 18. Ne5 Qd8 19. Rc2 a6 20. Nc3 Rc8 21. Bxa6 Nxc3 22. Bxc3 Qd5 23. Bxb7 Qxb7
24. Qf3 Qd5 25. Qxd5 Nxd5 26. Ra1 b5 27. Rcc1 Bg5 28. Rc2 b4 29. axb4 Nxb4 30.
Bxb4 Rxc2 31. Bxf8 Kxf8 32. Ra8+ Ke7 33. Ra7+ Kd6 34. Nxf7+ Kd5 35. Nxg5 hxg5
36. Rxg7 Rxb2 37. Rxg5+ Kxd4 38. h4 Rb8 39. h5 Rh8 40. Kh2 Ke4 41. Kg3 e5 42.
Kg4 Kd5 43. f4 Ke6 44. fxe5 Rh6 45. Rg6+ Rxg6+ 46. hxg6 {
1-0 Stavskaya,O-Karapetian,A/Serpukhov 1999/EXT 2002 (46)}) 7. Nf3 d5 (7... b6
8. Bg5 Bb7 9. Bd3 h6 10. Be3 d5 11. a3 dxc4 12. Bxc4 Bxc3+ 13. Qxc3 Nc6 14. Bd3
Rc8 15. Qd2 Na5 16. Qe2 Bd5 17. O-O Bc4 18. Bxc4 Nxc4 19. Rac1 Qd5 20. Bf4 b5
21. Rfe1 Nb6 22. Be5 {Varrambier,S-Komljenovic,D/Metz 1997/EXT 99/1/2-1/2 (39)}
) 8. a3 $146 (8. Bg5 h6 9. Bh4 dxc4 10. Bxc4 Nc6 11. Rd1 Be7 12. O-O Nb4 13.
Qe2 Re8 14. Ne5 Nbd5 15. f4 a6 16. f5 exf5 17. Bxf6 Nxc3 18. Bxf7+ Kh7 19. bxc3
Bxf6 20. Bxe8 Qxe8 21. Rfe1 Bxe5 22. Qxe5 Qg6 {
Kort,W-Pascuzzi,A/CAN 1985/EXT 2002/1-0 (46)}) 8... Ba5 9. b4 Bc7 10. c5 {
Weiss erobert Raum} 10... Nc6 11. b5 Na5 12. Bd3 h6 {Befestigt g5} 13. O-O Nc4
14. Bxc4 dxc4 15. Qe2 Nd5 16. Qxc4 Ba5 17. Nxd5 exd5 18. Qd3 Bg4 19. Ne5 h5 (
19... Qh4 $5 $16) 20. Nxg4 hxg4 21. Bd2 Bc7 22. Qf5 Qh4 23. g3 Qd8 24. Qxg4 f5
25. Qg5 Qd7 26. a4 Rae8 27. Rfe1 Re4 28. Rxe4 fxe4 29. Bb4 Rf5 30. Qg4 Qe6 31.
Qe2 (31. a5 Bd8 $18) 31... Rf3 32. Ra3 Qg4 (32... Rf7 $142 $5 $16) 33. Rxf3 $18
exf3 34. Qe3 Bf4 $4 {ein Fehler in schlechter Stellung} (34... Qf5 35. h3 $18)
35. Qe8+ (35. Qxf4 Qxf4 36. gxf4 $18) 35... Kh7 36. Qe1 Qh3 $2 (36... Qf5 $142
$18) 37. Qf1 (37. Qf1 Qxf1+ 38. Kxf1 $18) 1-0

[Event "58. BEM 2004"]
[Site "Dortmund"]
[Date "2004.03.09"]
[Round "5.22"]
[White "Ezzat, Tarik"]
[Black "Klein, Hans-Joachim"]
[Result "1-0"]
[WhiteElo "1606"]
[BlackElo "1637"]
[Annotator "Fritz 7 (15s)"]
[PlyCount "51"]
[EventDate "2004.??.??"]
[Source "SG Dortmund"]
[SourceDate "2004.12.16"]

{C46: 3 Nc3: Unusual Black 3rd moves
} 1. Nc3 e5 2. Nf3 Nc6 3. e4 Bc5 4. Bc4 d6
5. Na4 Bb6 6. Nxb6 (6. a3 Bg4 7. h3 Bh5 8. d3 Nd4 9. g4 Qf6 10. Nxd4 Bxd4 11.
f4 Qh4+ 12. Kd2 f5 13. exf5 Ne7 14. Be6 g6 15. Qe1 Bf2 16. Qe2 Nxf5 17. Bxf5
gxf5 18. gxh5 Qxf4+ 19. Kd1 Qxa4 20. Qxf2 O-O 21. Bh6 Rf7 22. Qg3+ Kh8 23. Rg1
f4 24. Qg4 Qe8 25. Bg7+ Kg8 26. Bf6+ {
1-0 Herzhauser,H-Wolf,U/Mehlingen 2000/EXT 2001 (26)}) 6... axb6 7. d4 (7. c3
Nf6 8. d3 O-O 9. Bg5 Be6 10. Bb3 h6 11. Bh4 Bxb3 12. Qxb3 g5 13. Bg3 Qd7 14. a3
Qe6 15. Qc2 Nh5 16. Nd2 f5 17. f3 d5 18. O-O-O Rad8 19. Qb3 Qf7 20. Rhe1 dxe4
21. Qxf7+ Rxf7 22. dxe4 f4 23. Bf2 Rfd7 24. a4 Kf7 25. Nc4 Rxd1+ 26. Rxd1 Rxd1+
27. Kxd1 {1/2-1/2 Slobodjan,R-Gabriel,C/San Marino 1998/EXT 2000 (27)}) 7...
exd4 8. Ng5 $146 (8. Nxd4 Nxd4 (8... Nf6 9. Nxc6 bxc6 10. O-O O-O 11. Re1 Re8
12. Bd3 Ba6 13. Bg5 h6 14. Bh4 c5 15. Bxa6 Rxa6 16. Qf3 Re6 17. a3 Qa8 18. Bxf6
Rxf6 19. Qd3 Ra4 20. c3 Re6 21. f3 Qe8 22. Rad1 Kh8 23. Kf2 {
Szokacs,L-Eperjesi,L/Salgotarjan 1976/EXT 98/1/2-1/2 (41)}) 9. Qxd4 Qf6 10. Be3
Qxd4 11. Bxd4 Ne7 12. a3 O-O 13. O-O Nc6 14. Bc3 Re8 15. Rfe1 Be6 16. Bd5 Bxd5
17. exd5 Ne7 18. Rad1 Ng6 19. Kf1 f6 20. Rd4 Rxe1+ 21. Bxe1 Ne7 22. c4 Kf7 {
Sebestyen,B-Bely,M/Budapest 1950/MCL/1/2-1/2 (42)}) 8... Nh6 9. O-O O-O 10. Nf3
Ng4 11. Nxd4 Nce5 12. Be2 Ra4 $2 (12... Qh4 $142 $5 {
damit waere Schwarz im Spiel geblieben} 13. h3 Nf6 $11) 13. b3 (13. c3 b5 14.
f4 Qh4 $18) 13... Ra5 (13... Ra8 $142 $5 14. f4 Qh4 $18) 14. f4 $18 Qh4 15. h3
c5 16. Nf5 Bxf5 17. exf5 Nh6 (17... Nf6 18. fxe5 dxe5 19. Bb2 $18) 18. fxe5
dxe5 19. f6 g6 20. Bxh6 Qxh6 21. Qd6 (21. Bc4 {gibt noch groesseren Vorteil}
21... Ra3 $18) 21... Raa8 (21... Qe3+ 22. Rf2 Qd4 23. Rd1 Qxd6 24. Rxd6 $18)
22. Qxb6 Rad8 (22... Qe3+ {aendert nichts am Ausgang der Partie} 23. Rf2 $18)
23. Qxc5 Qg5 24. Rad1 Rc8 25. Qe7 Rxc2 (25... Rfe8 {
bietet noch letzte Rettungschancen} 26. Qxb7 Qe3+ 27. Rf2 Rxc2 $18) 26. Qxf8+
$1 {Eliminiert eine wichtige Deckungsfigur: f8} (26. Qxf8+ Kxf8 27. Rd8#) 1-0

[Event "58. BEM 2004"]
[Site "Dortmund"]
[Date "2004.03.09"]
[Round "5.23"]
[White "Rogner, Wolfgang"]
[Black "Krüger, Inge"]
[Result "1-0"]
[WhiteElo "1558"]
[BlackElo "1335"]
[Annotator "Fritz 7 (15s)"]
[PlyCount "95"]
[EventDate "2004.??.??"]
[Source "SG Dortmund"]
[SourceDate "2004.12.16"]

{C01: French: Exchange Variation
} 1. d4 d5 2. e4 e6 3. exd5 exd5 4. Nf3 Nf6 5.
Bd3 Be7 6. O-O O-O 7. Re1 Nbd7 (7... Bg4 8. Nbd2 c5 9. dxc5 Bxc5 10. Nb3 Bb6
11. Be3 Nc6 12. Bxb6 Qxb6 {1/2-1/2 Huebner,R-Dreev,A/Manila 1990/CBM 19 (12)})
8. Bg5 (8. Nbd2 c5 9. c3 c4 10. Bc2 b5 11. Nf1 Bb7 12. Ng3 g6 13. Bf4 Re8 14.
Qd2 Nf8 15. h3 Ne6 16. Bh6 Nd7 17. Re2 Bf6 18. Rae1 Re7 19. h4 Ng7 20. h5 Rxe2
21. Rxe2 Nf8 22. Bg5 Nge6 23. Bh6 {
1/2-1/2 Rey,E-Belistri,U/Montevideo 2001/CBM 80 ext (23)}) 8... h6 $146 (8...
c6 9. c3 Re8 {1/2-1/2 Panchenko,A-Ivanov,V/Moscow 1996/EXT 2000 (9)}) 9. Bd2 c6
{Ueberdeckt b5} 10. b3 Re8 11. Bf4 Nf8 12. Ne5 Be6 13. Nd2 Rc8 14. c3 {Deckt b4
} 14... Bd6 15. Bg3 N6d7 (15... c5 16. dxc5 Rxc5 17. c4 $11) 16. f4 (16. Nxf7
$5 Bxf7 17. Rxe8 Qxe8 18. Bxd6 $16) 16... f5 17. Qh5 Re7 (17... Nf6 $142 $5 {
und Schwarz kann noch kaempfen} 18. Qh3 Qa5 $11) 18. Bxf5 $16 Bf7 (18... Bxf5
19. Qxf5 Qe8 20. Bh4 $16) 19. Qf3 c5 $2 (19... Be6 $142 20. Bxe6+ Nxe6 $18) 20.
Bh4 (20. Nxf7 $6 Rxf7 21. Qxd5 Nb6 $18) 20... cxd4 (20... g5 21. fxg5 Nxe5 22.
dxe5 Rxe5 23. Bxc8 Qxc8 24. gxh6 Re6 25. Rxe6 Qxe6 $18) 21. Bxe7 Bxe7 (21...
Nxe5 {ist vielleicht ein Schwindelversuch} 22. Rxe5 Bxe7 23. Bxc8 Bc5 24. Bxb7
dxc3+ 25. Kh1 cxd2 26. Bxd5 Bb4 $18) 22. Nxf7 Qb6 23. Rxe7 (23. Qxd5 $142 {
und Weiss gewinnt} 23... dxc3+ 24. Kh1 $18) 23... dxc3+ 24. Kf1 cxd2 25. Rd1 (
25. Bxd7 Rc1+ 26. Qd1 Qf6 $19) (25. Rxd7 $2 {ist nicht spielbar} 25... Rc1+ 26.
Qd1 Qb5+ 27. Kf2 Rxd1 28. Rxd1 Nxd7 29. Bxd7 Qxd7 $19) 25... Rc1 26. Nxh6+ (26.
Rxd7 $6 Qb5+ 27. Kf2 Nxd7 28. Bxd7 Qc5+ 29. Kf1 Kxf7 $18) 26... Qxh6 27. Qxd5+
(27. Bxd7 $6 {ist deutlich schlechter} 27... Qd6 28. Bg4 Rxd1+ 29. Qxd1 Qxe7
30. Qxd2 Qc5 $18) 27... Kh8 28. Qxd2 (28. Bxd7 $4 {
waere ein schrecklicher Fehler} 28... Rxd1+ 29. Ke2 Re1+ 30. Kxd2 Rxe7 $19) (
28. Rxd7 $2 {geht nicht} 28... Rxd1+ (28... Qxf4+ $4 {
das Schlagen des Bauern ist schlecht} 29. Ke2 Nxd7 30. Qxd7 (30. Bxd7 $143 Qxh2
31. Bg4 Qh4 32. Kxd2 Rc6 $18) 30... Qe5+ 31. Kxd2 Rxd1+ 32. Kxd1 Qa1+ 33. Kd2
Qxa2+ 34. Bc2 Qa5+ 35. b4 Qg5+ 36. Kc3 Qe3+ 37. Kb2 $18) 29. Ke2 Qh5+ 30. Qf3
Qe8+ 31. Be4 Re1+ 32. Kxd2 Rxe4 $19) 28... Rxd1+ 29. Qxd1 Qxf4+ (29... Qf6 {
aendert den Lauf der Dinge nicht} 30. Qh5+ (30. Bxd7 $6 Qxe7 31. Qh5+ Kg8 $18)
30... Kg8 31. Qg5 (31. Bxd7 $6 Qxe7 32. Bb5 g6 33. Bc4+ Kg7 $18) (31. Rxd7 $143
Nxd7 32. Bxd7 Qa1+ 33. Ke2 Qxa2+ 34. Ke1 Qb1+ 35. Kf2 Qb2+ 36. Kg3 Qxb3+ 37.
Kh4 Qf7 38. Qxf7+ Kxf7 $18) 31... Qa1+ 32. Kf2 Qd4+ 33. Kg3 $18) 30. Qf3 Qc1+ (
30... Qxf3+ {hilft auch nicht mehr} 31. gxf3 Nf6 32. Rxb7 $18) 31. Re1 Qc7 32.
Qh5+ (32. Bxd7 $142 {entschiede die Partie sofort} 32... Qxd7 33. Qxf8+ Kh7 34.
Qc5 Qf7+ 35. Kg1 $18) 32... Kg8 33. Qf3 (33. Bxd7 {
und Weiss haette es noch leichter} 33... Qxd7 34. Rd1 Qe7 $18) 33... Nf6 $4 {
danach kann Schwarz alle Traeume begraben} (33... Kh8 34. Bxd7 Qxd7 35. Qxf8+
Kh7 $18) 34. g3 Qb6 35. Bd3 Qb4 36. Bc4+ Kh8 37. a4 a6 38. g4 b5 39. Qh3+ N6h7
40. axb5 axb5 41. Bd5 Qf4+ 42. Qf3 Qxh2 43. Re2 Qd6 44. Qf7 Nf6 45. Rf2 (45.
Bf3 $142 N8h7 46. Re7 Qd3+ 47. Kg2 Qxf3+ 48. Kxf3 Ng5+ 49. Kf4 Nxf7 50. Rxf7
$18) 45... N8d7 $4 {ein Ende mit Schrecken} (45... N8h7 $142 46. Rf5 Qg3 $16)
46. Rf5 Qb8 (46... Nf8 {waere noch eine kleine Chance} 47. g5 Nxd5 48. Rxd5 Qa3
$18) 47. Rh5+ $1 {war die Absicht} 47... Nh7 (47... Nxh5 48. Qxh5# {
Ein klassisches Mattmotiv}) 48. Rxh7+ $1 {schoen gesehen} (48. Rxh7+ Kxh7 49.
Qh5#) 1-0